Designacin̤ de los ministros de la Suprema Corte de Justicia de la Nacin̤ en Mx̌ico Una aproximacin̤ al derecho comparado /

Detalles Bibliográficos
Autor principal: Licona Vite, Cecilia
Formato: eBook
Lenguaje:español
Publicado: Ciudad de Mx̌ico: Cm̀ara de Diputados, 2009
Materias:
Acceso en línea:Acceso restringido

MARC

LEADER 00000nam a22000007a 4500
005 20170914121921.0
007 cr|||| ||||
008 170914s2009 mx |||||s||||f00||0 spa d
035 |a 20528 
040 |a vLex 
090 |c 6964  |d 6964 
100 1 |a Licona Vite, Cecilia 
245 1 0 |a Designacin̤ de los ministros de la Suprema Corte de Justicia de la Nacin̤ en Mx̌ico  |h [Recurso electrn̤ico] :  |b Una aproximacin̤ al derecho comparado /  |c Cecilia Licona Vite 
256 |a Servicio en ln̕ea 
260 |a Ciudad de Mx̌ico:  |b Cm̀ara de Diputados,  |c 2009 
300 |a 1 recurso electrn̤ico (88 p.) 
506 1 |a Disponible solo en los productos indicados  |d vLex Global  |d vLex Global (Academic Edition, excluding Law Schools)  |d vLex Global (U.S. Academic Edition, Law Schools)  |d vLex Global (U.S. Academic Edition, excluding Law Schools)  |d vLex Global (Academic Edition, Law Schools) 
650 0 4 |a Derecho Constitucional  |z Mx̌ico 
740 0 |a vLex Libros (Servicio en ln̕ea) 
856 4 0 |u http://vlex.com/source/designacion-ministros-suprema-corte-justicia-nacion-mexico-aproximacion-derecho-comparado-20528  |z Acceso restringido 
942 |c BOOK 
999 0 |a Constitutional right